| 000 | 00369nam a2200145Ia 4500 | ||
|---|---|---|---|
| 008 | 191201s2017 xx 000 0 und d | ||
| 082 | _a572 SIP | ||
| 100 | _aSINGH, S.P | ||
| 245 | 0 | _aPractical Manual of Biochemistry | |
| 250 | _a8th | ||
| 260 |
_bCBS Pub _aNew Delhi _c2017 |
||
| 300 | _a192 | ||
| 650 | _aApplied Biochemistry & Clinical Chemistry | ||
| 942 |
_2ddc _cBK |
||
| 999 |
_c8416 _d8416 |
||